| 000 | 00000nas 2200000za 4500 |
| 001 | 9.501111 |
| 003 | CaOODSP |
| 005 | 20250403104650 |
| 007 | cr ||||||||||| |
| 008 | 150406d20032005oncmr p o||||f0 |0fre|d |
| 022 | |y1705-849X|a1707-4606 |
| 040 | |aCaOODSP|bfre |
| 043 | |an-cn--- |
| 086 | 1 |aCS31-001F-IN |
| 130 | 0 |aEnquête mensuelle sur les industries manufacturières (2003 : En ligne) |
| 222 | 0|aEnquête mensuelle sur les industries manufacturières $b(2003, En ligne) |
| 245 | 10|aEnquête mensuelle sur les industries manufacturières |h[ressource électronique] |
| 260 | |aOttawa : |bStatistique Canada, |c2003-2005. |
| 310 | |aMensuel |
| 362 | 1 |aVol. 57, no 2 (févr. 2003)-vol. 58, no 12 (déc. 2004) |
| 520 | 3 |aFournit des valeurs mensuelles estimatives des livraisons, stocks et commandes des manufacturiers. |
| 710 | 2 |aStatistique Canada. |
| 785 | 00|tMonthly survey of manufacturing |w(CaOODSP)9.500039 |